| 000 | 00732nam a22002657a 4500 | ||
|---|---|---|---|
| 001 | 23888 | ||
| 003 | UA-OsUOA | ||
| 005 | 20201201224322.0 | ||
| 007 | ta | ||
| 008 | 20040130b un ||||| |||| 00| 0 ukr d | ||
| 020 | _a5-7707-58368 | ||
| 040 |
_aUA-OsUOA _bukr _cUA-OsUOA _dUA-OsUOA |
||
| 041 | _aukr | ||
| 044 | _aUA | ||
| 080 | _a32(477) | ||
| 090 |
_a32(477) _bС24 |
||
| 100 | _aСвідзинський А. | ||
| 245 | _aЦе складне національне питання | ||
| 260 |
_aК. _bВид-во ім. О. Теліги _c1994 |
||
| 300 | _a68 с. | ||
| 650 | 7 |
_a32 Політика _2UDC |
|
| 942 |
_cBK _2udc |
||
| 955 | _a1 | ||
| 999 |
_c310148 _d310148 |
||